|
|
|
|
| LEADER |
00619nam a2200169Ia 4500 |
| 008 |
140316s9999 xx 000 0 und d |
| 082 |
|
|
|a ICRISAT
|b CO
|
| 100 |
|
|
|
| 245 |
|
|
|a Communiy Watershed management for Sustainable Intensification in Northeast Thailand
|
| 260 |
|
|
|a AndhraPradesh
|b International Crops Research Institute for the semi -arid Tropis
|
| 300 |
|
|
|a 142
|
| 700 |
|
|
|a Prabhakar ,Pathak
|
| 700 |
|
|
|a Sahrawat ,K.L.
|
| 700 |
|
|
|a Suhas,P Wani
|
| 942 |
|
|
|2 ddc
|c REF
|
| 999 |
|
|
|c 24769
|d 24769
|
| 952 |
|
|
|0 0
|1 0
|2 ddc
|4 0
|6 ICRISAT_CO
|7 0
|9 32759
|a KAUCLV
|b KAUCLV
|c REF
|d 2014-03-18
|o ICRISAT CO
|p 807328
|r 2014-03-18
|w 2014-03-18
|y REF
|